Англійська анімалістична фразеологія та її представлення в українській мові (Record no. 282573)

MARC details
000 -LEADER
fixed length control field 01133nam a22001577a 4500
041 ## - LANGUAGE CODE
Language code of text/sound track or separate title ukr
080 ## - UNIVERSAL DECIMAL CLASSIFICATION NUMBER
Universal Decimal Classification number 09
090 ## - LOCALLY ASSIGNED LC-TYPE CALL NUMBER (OCLC); LOCAL CALL NUMBER (OCLC)
Local cutter number (OCLC) ; Book number/undivided call number, CALL (RLIN) БОН
100 ## - MAIN ENTRY--PERSONAL NAME
Personal name Бондаренко О. В.
245 ## - TITLE STATEMENT
Title Англійська анімалістична фразеологія та її представлення в українській мові
260 ## - PUBLICATION, DISTRIBUTION, ETC. (IMPRINT)
Place of publication, distribution, etc Острог
Name of publisher, distributor, etc КАФ
Date of publication, distribution, etc 2004
300 ## - PHYSICAL DESCRIPTION
Extent 44
520 ## - SUMMARY, ETC.
Summary, etc Розділ 1. Класифікація та етимологія фразеологічних одиниць.<br/>1.1. Класифікація фразеологічних одиниць.<br/>1.2. Етимологія фразеологічних одиниць.<br/>Розділ 2. Англійські фразеологізми з компонентами назвами свійських та домашніх тварин та способи їх передачі українською мовою.<br/>Розділ 3. Англійські фразеологізми з компонентами назвами диких тварин.
-- Класифікація, ФО, компонент.
650 ## - SUBJECT ADDED ENTRY--TOPICAL TERM
Topical term or geographic name as entry element Research Papers
942 ## - ADDED ENTRY ELEMENTS (KOHA)
Koha item type Books
Holdings
Withdrawn status Lost status Source of classification or shelving scheme Damaged status Not for loan Home library Current library Date acquired Source of acquisition Coded location qualifier Cost, normal purchase price Total Checkouts Full call number Barcode Date last seen Price effective from Koha item type
    Universal Decimal Classification     ВІЛ - Відділ іноземн. літератури НБ ВІЛ - Відділ іноземн. літератури НБ 08/08/2005 Акт В12 1.00   09 210135 20/12/2021 16/12/2004 Books